Implementační zpoždení diskreční fiskální politiky

Stanovenie priemernej dĺžky a charakteristickej štruktúry implementačného oneskorenia diskrečnej fiškálnej politiky v Českej republike.

Uložené v:
Podrobná bibliografia
Hlavný autor: Fischer, Jakub
Ďalší autori: Lipovská, Hana, Němec, Daniel
Médium: Kapitola
Jazyk:Czech
Predmet:
Tagy: Pridať tag
Žiadne tagy, Buďte prvý, kto otaguje tento záznam!

MARC

LEADER 00000naa a2200000 4500
001 0219263
005 20221019173835.3
041 0 |a cze 
044 |a CZ 
245 1 0 |a Implementační zpoždení diskreční fiskální politiky  |c Jakub Fischer, Hana Lipovská, Daniel Němec 
520 |a Stanovenie priemernej dĺžky a charakteristickej štruktúry implementačného oneskorenia diskrečnej fiškálnej politiky v Českej republike. 
610 2 0 |a politika fiškálna 
610 2 0 |a Česko 
610 2 0 |a politika menová 
610 2 0 |a deflácia 
610 2 0 |a teórie ekonomické 
610 2 0 |a Japonsko 
610 2 0 |a USA 
100 1 |a Fischer, Jakub 
700 1 |a Lipovská, Hana 
700 1 |a Němec, Daniel